| 000 | 00912nam a2200289 a 4500 | ||
|---|---|---|---|
| 001 | 14173 | ||
| 003 | BD-RjUL | ||
| 005 | 20211208235601.0 | ||
| 008 | 140205s1980 enka 000 0 eng | ||
| 020 | _a0408004622 (pbk.) | ||
| 035 | _a(BD-RjUL)14225 | ||
| 040 |
_aDLC _cDLC _dDLC _beng |
||
| 041 | _aeng | ||
| 082 | 0 | 0 |
_a620.0044 _219 _bBOE 1980 |
| 100 | 1 |
_aBolton, W. _q(William), _d1933- _944263 |
|
| 245 | 1 | 0 |
_aEngineering instrumentation and control / _cW. Bolton. |
| 260 |
_aLondon ; _aBoston : _bButterworths, _c1980 (1981 printing) |
||
| 300 |
_a136 p. : _bill. ; _c25 cm. |
||
| 500 | _aCover title: Engineering instrumentation & control. | ||
| 650 | 0 |
_aEngineering instruments. _944265 |
|
| 650 | 0 |
_aAutomatic control. _944266 |
|
| 740 | 0 | _aEngineering instrumentation & control. | |
| 942 |
_2ddc _cBK |
||
| 999 |
_c14173 _d14173 |
||